Advanced engineering mathematics (Record no. 2354)

000 -LEADER
fixed length control field 00457nam a22001937a 4500
001 - CONTROL NUMBER
control field 2354
003 - CONTROL NUMBER IDENTIFIER
control field BD-DhUET
008 - FIXED-LENGTH DATA ELEMENTS--GENERAL INFORMATION
fixed length control field 140922b xxu||||| |||| 00| 0 eng d
020 ## - INTERNATIONAL STANDARD BOOK NUMBER
International Standard Book Number 8121903459
040 ## - CATALOGING SOURCE
Transcribing agency 0
Modifying agency BD-DhUET
082 ## - DEWEY DECIMAL CLASSIFICATION NUMBER
Classification number 510
Item number DAS/2007
100 ## - MAIN ENTRY--PERSONAL NAME
Personal name Dass, H.K.
245 ## - TITLE STATEMENT
Title Advanced engineering mathematics
250 ## - EDITION STATEMENT
Edition statement 17th Rev. ed.
260 ## - PUBLICATION, DISTRIBUTION, ETC. (IMPRINT)
Place of publication, distribution, etc. Ram Nagar
Name of publisher, distributor, etc. S. Chand.
Date of publication, distribution, etc. 2007
300 ## - PHYSICAL DESCRIPTION
Extent xvi,1274p.
650 #0 - SUBJECT ADDED ENTRY--TOPICAL TERM
Topical term or geographic name as entry element Mathematics
942 ## - ADDED ENTRY ELEMENTS (KOHA)
Koha item type General Book
Holdings
Sublocation or collection (holding branch) Date acquired Koha issues (times borrowed) Koha item type Withdrawn status Koha normalized classification for sorting Koha full call number Koha date last seen Location (home branch) Lost status Damaged status Source of classification or shelving scheme Piece designation (barcode) Shelving location Price effective from Koha date last borrowed Copy number Not for loan Koha out on loan
Central Library, BUET2014-09-223General Book 510DAS2007510/DAS/20072023-05-06Central Library, BUET   103924Circulation section2014-09-222022-11-231  
Central Library, BUET2014-09-226General Book 510DAS2007510/DAS/20072026-01-13Central Library, BUET   103925Circulation section2014-09-222026-01-132 2026-01-27
Central Library, BUET2014-09-224General Book 510DAS2007510/DAS/20072025-02-10Central Library, BUET   103927Circulation section2014-09-222024-12-013  
Central Library, BUET2014-09-223General Book 510DAS2007510/DAS/20072023-06-05Central Library, BUET   103928Circulation section2014-09-222023-03-224  
Central Library, BUET2014-09-221General Book 510DAS2007510/DAS/20072016-02-24Central Library, BUET   103929Circulation section2014-09-222014-11-125  
Central Library, BUET2014-09-222General Book 510DAS2007510/DAS/20072023-02-28Central Library, BUET   103931Circulation section2014-09-222023-01-117  
Central Library, BUET2014-09-223General Book 510DAS2007510/DAS/20072026-05-09Central Library, BUET   103930Circulation section2014-09-222026-04-156  
Central Library, BUET2015-01-262General Book 510_000000000000000_DAS_2007510/DAS/20072019-03-31Central Library, BUET   103922Circulation section2015-01-262019-01-208  
Central Library, BUET2015-09-012General Book 510DAS_2007_000000000000000510DAS/20072025-04-07Central Library, BUET   103923Circulation section2015-09-012025-03-029  
Central Library, BUET2007-05-2811General Book 510_000000000000000_DAS_2007510/DAS/20072024-11-24Central Library, BUET   103926Circulation section2017-05-292024-11-2410 2024-12-08